000 00736pam a2200241 a 4500
001 3315127
003 OSt
005 20160425191914.0
008 841010s1985 caua b 001 0 eng
010 _a 84023826
020 _a0534046681 (pbk.) :
_c$18.95
040 _aDLC
_cDLC
_dDLC
050 0 0 _aQA276.12
_b.E49 1985
082 0 0 _a310
_219
_bELZ 1985
100 1 _aElzey, Freeman F.
_98285
245 1 0 _aElementary statistical techniques /
_cFreeman F. Elzey.
260 _aMonterey, Calif. :
_bBrooks/Cole,
_c1985.
300 _ax, 234 p. :
_bill. ;
_c24 cm.
504 _aIncludes bibliographical references and index.
650 0 _aStatistics.
_91274
906 _a7
_bcbc
_corignew
_d1
_eocip
_f19
_gy-gencatlg
942 _2ddc
_cSLOAN
999 _c3759
_d3759